Sports Quiz

Random Sports or University Quiz
Score 0/20 Timer 07:00
1 Play Today
Hint Answer % Correct
StateWest Virginia
96.4%
Famous Alum: G Jerry ____West
95.8%
Team ColorBlue
94.2%
Team ColorGold
93.9%
NicknameMountaineers
89%
ConferenceBig 12
86.5%
MascotThe Mountaineer
81.2%
No. of Women's Varsity Sports10
78.2%
CityMorgantown
74.4%
No. of Men's Varsity Sports8
68.2%
Hint Answer % Correct
Primary RivalPittsburgh
65.8%
Primary RivalPenn St.
37.9%
Sport w/ most NCAA ChampionshipsRifle (19)
35.2%
Basketball ArenaWVU Coliseum
34.7%
Football StadiumMountaineer Field at Milan Puskar Stadium
25.2%
Fight SongTake Me Home, Country Roads
18.5%
Fight SongHail, West Virginia
16.7%
Athletic DirectorShane Lyons
15.8%
Baseball StadiumMonongalia County Ballpark
9.1%
Fight SongFight Mountaineers
7.6%
Remove Ads.
Support Sporcle.
Get the best of Sporcle when you Go Orange. This ad-free experience offers more features, more stats, and more fun while also helping to support Sporcle. Thank you for becoming a member.

You're not logged in!

Compare scores with friends on all Sporcle quizzes.
OR
Log In

Show Comments

Extras

Top Quizzes Today


Score Distribution

Your Account Isn't Verified!

In order to create a playlist on Sporcle, you need to verify the email address you used during registration. Go to your Sporcle Settings to finish the process.

Report this User

Report this user for behavior that violates our Community Guidelines.

Details: